[Event "GER-chT Betriebe 17th"]
[Site "Berlin"]
[Date "2017.11.04"]
[Round "6.2"]
[White "Kludszuweit, Kim Ira"]
[Black "Lau, Peter"]
[Result "1/2-1/2"]
[WhiteElo "1665"]
[BlackElo "1743"]
[PlyCount "40"]
[EventDate "2017.11.02"]
[EventType "team-swiss"]
[EventRounds "7"]
[EventCountry "GER"]
[SourceTitle "EXT 2020"]
[Source "ChessBase"]
[SourceDate "2019.10.17"]
[SourceVersion "1"]
[SourceVersionDate "2019.10.17"]
[SourceQuality "1"]
[WhiteTeam "Duesseldorf Vodafone II"]
[BlackTeam "Stuttgart Sparkassen-Vers II"]
[WhiteTeamCountry "GER"]
[BlackTeamCountry "GER"]

1. c4 f5 2. d4 g6 3. Nc3 Nf6 4. Nf3 Bg7 5. e3 d6 6. Be2 0-0 7. 0-0 Nc6 8. d5 Ne5 9. Nxe5 dxe5 10. Qd2 e6 11. b3 Qe7 12. Bb2 Rd8 13. Rad1 exd5 14. cxd5 a6 15. a4 Be6 16. Bc4 Bf7 17. Qe2 Rd7 18. e4 fxe4 19. Nxe4 Nxe4 20. Qxe4 Rad8 1/2-1/2

[Event "GER-chT Betriebe 17th"]
[Site "Berlin"]
[Date "2017.11.03"]
[Round "4.2"]
[White "Kludszuweit, Kim Ira"]
[Black "Hoffeins, Hans Werner"]
[Result "1/2-1/2"]
[WhiteElo "1665"]
[BlackElo "1512"]
[PlyCount "80"]
[EventDate "2017.11.02"]
[EventType "team-swiss"]
[EventRounds "7"]
[EventCountry "GER"]
[SourceTitle "EXT 2020"]
[Source "ChessBase"]
[SourceDate "2019.10.17"]
[SourceVersion "1"]
[SourceVersionDate "2019.10.17"]
[SourceQuality "1"]
[WhiteTeam "Duesseldorf Vodafone II"]
[BlackTeam "Hamburg Baubehoerde II"]
[WhiteTeamCountry "GER"]
[BlackTeamCountry "GER"]

1. c4 Nf6 2. d4 g6 3. Nc3 Bg7 4. Nf3 d6 5. e3 c6 6. Be2 Nbd7 7. 0-0 0-0 8. b3 e5 9. Re1 Re8 10. Bb2 e4 11. Nd2 d5 12. c5 Nf8 13. Rb1 h5 14. b4 a6 15. Nf1 Bh6 16. f3 exf3 17. Bxf3 Ng4 18. Bxg4 Bxg4 19. Qd3 Qg5 20. e4 Qd8 21. Ne3 dxe4 22. Nxe4 Bxe3+ 23. Rxe3 Bf5 24. Rbe1 Re6 25. Qe2 Bxe4 26. Rxe4 Qd5 27. a3 Rae8 28. Re5 Qd7 29. Qe3 Rxe5 30. dxe5 Ne6 31. Rf1 Nf8 32. h3 Nh7 33. Qh6 Re6 34. Qc1 Qe7 35. Rd1 Nf8 36. Rd6 Nd7 37. Rxe6 Qxe6 38. Qg5 Kg7 39. Qe3 Kh7 40. Qf4 Kg7 1/2-1/2

[Event "BL2 West 1617 (Women)"]
[Site "Germany"]
[Date "2017.02.12"]
[Round "5.5"]
[White "Koellner, Felicitas Ophelia"]
[Black "Kludszuweit, Kim Ira"]
[Result "0-1"]
[WhiteElo "1624"]
[BlackElo "1637"]
[PlyCount "108"]
[EventDate "2016.10.22"]
[EventType "team-tourn"]
[EventRounds "7"]
[EventCountry "GER"]
[SourceTitle "EXT 2018"]
[Source "ChessBase"]
[SourceDate "2017.10.13"]
[SourceVersion "1"]
[SourceVersionDate "2017.10.13"]
[SourceQuality "1"]
[WhiteTeam "Heiden (W)"]
[BlackTeam "Horst Emscher (W)"]
[WhiteTeamCountry "GER"]
[BlackTeamCountry "GER"]

1. d4 d5 2. Nf3 c5 3. e3 Nc6 4. c3 e6 5. Bd3 Bd6 6. Nbd2 Nge7 7. 0-0 0-0 8. dxc5 Bxc5 9. b4 Bd6 10. Bb2 Ng6 11. a3 Bd7 12. c4 Nce5 13. Nxe5 Nxe5 14. Bxe5 Bxe5 15. Bxh7+ Kxh7 16. Qh5+ Kg8 17. Qxe5 dxc4 18. Nxc4 Qh4 19. Nd6 Bc6 20. b5 Bd7 21. Nxb7 Rab8 22. Nd6 Rb6 23. Rfd1 Qa4 24. Rd4 Qa5 25. Rb4 a6 26. Rg4 f6 27. Qg3 g5 28. Nc4 Qc3 29. Rd1 Rxb5 30. h4 Rd5 31. Rgd4 Rxd4 32. Rxd4 Rf7 33. hxg5 Qe1+ 34. Kh2 Rh7+ 35. Qh3 Rxh3+ 36. Kxh3 Be8 37. Rd8 fxg5 38. Rxe8+ Kg7 39. Rxe6 Qh1+ 40. Kg3 Qh4+ 41. Kf3 Qxc4 42. Rd6 a5 43. Rd7+ Kf6 44. Rd6+ Kf5 45. Rd4 Qc6+ 46. Kg3 a4 47. Rb4 Qd6+ 48. Kf3 Qxb4 49. axb4 a3 50. b5 a2 51. b6 a1Q 52. b7 Qb2 53. e4+ Kg6 54. g4 Qxb7 0-1

[Event "GER-chT Betriebe 16th"]
[Site "Dresden"]
[Date "2016.11.05"]
[Round "4.3"]
[White "Kludszuweit, Kim Ira"]
[Black "Lindemann, Thomas"]
[Result "0-1"]
[WhiteElo "1637"]
[BlackElo "1536"]
[PlyCount "68"]
[EventDate "2016.11.03"]
[EventType "team-swiss"]
[EventRounds "7"]
[EventCountry "GER"]
[SourceTitle "EXT 2020"]
[Source "ChessBase"]
[SourceDate "2019.10.17"]
[SourceVersion "1"]
[SourceVersionDate "2019.10.17"]
[SourceQuality "1"]
[WhiteTeam "Duesseldorf Vodafone"]
[BlackTeam "Hamburg Baubehoerde II"]
[WhiteTeamCountry "GER"]
[BlackTeamCountry "GER"]

1. c4 e5 2. Nc3 f5 3. d3 Bc5 4. Nf3 Nf6 5. Nxe5 0-0 6. d4 Re8 7. Bg5 Be7 8. Bc1 b6 9. e3 Bb7 10. Nf3 Bb4 11. a3 Bxc3+ 12. bxc3 f4 13. Bd3 Ne4 14. Qc2 Nf6 15. d5 c6 16. 0-0 cxd5 17. exf4 d4 18. Ng5 Rf8 19. Nxh7 Nxh7 20. Bxh7+ Kh8 21. cxd4 Bxg2 22. Kxg2 Qh4 23. Be4 Nc6 24. Qc3 Rae8 25. f3 Rf6 26. Ra2 Rh6 27. Kh1 Qh3 28. Rg1 Rxe4 29. d5 Nd4 30. Rf2 Nf5 31. Rxg7 Nxg7 32. Rg2 Re7 33. f5 Rf6 34. Bg5 Re2 0-1

[Event "BL2 West 1516 (Women)"]
[Site "Germany"]
[Date "2016.02.28"]
[Round "7.5"]
[White "Kludszuweit, Kim Ira"]
[Black "Raus, Christina"]
[Result "1/2-1/2"]
[WhiteElo "1664"]
[BlackElo "1444"]
[PlyCount "101"]
[EventDate "2015.09.26"]
[EventType "team-tourn"]
[EventRounds "7"]
[EventCountry "GER"]
[SourceTitle "EXT 2017"]
[Source "ChessBase"]
[SourceDate "2016.10.25"]
[SourceVersion "1"]
[SourceVersionDate "2016.10.25"]
[SourceQuality "1"]
[WhiteTeam "Horst Emscher (W)"]
[BlackTeam "Steinfurt (W)"]
[WhiteTeamCountry "GER"]
[BlackTeamCountry "GER"]

1. c4 c5 2. Nc3 e6 3. Nf3 Nf6 4. e3 Nc6 5. Be2 Be7 6. 0-0 b6 7. a3 0-0 8. Qc2 h6 9. d3 d5 10. cxd5 Nxd5 11. e4 Nf6 12. Bf4 Bb7 13. Rad1 Nd4 14. Nxd4 Qxd4 15. Bf3 Qd7 16. Qd2 Rfd8 17. Rfe1 Rac8 18. Re3 a6 19. e5 Bxf3 20. Rxf3 Nd5 21. Bxh6 g6 22. Nxd5 exd5 23. Qf4 Qe6 24. Rh3 f6 25. exf6 Qxf6 26. Qg4 Qf5 27. Qa4 a5 28. Qb3 Rb8 29. Re1 Bg5 30. Bxg5 Qxg5 31. Rg3 Qf6 32. h3 Kh7 33. Qd1 Re8 34. Rf1 Qxb2 35. Qf3 Rbd8 36. Qf4 Qe5 37. Qh4+ Kg7 38. Rg5 Qf6 39. f4 Qd4+ 40. Kh2 Rd6 41. Qg3 Rf6 42. f5 Qe5 43. Rf4 Qd6 44. Rxg6+ Rxg6 45. fxg6 Re6 46. Qf3 Rxg6 47. g3 Rf6 48. Rg4+ Kf7 49. Rf4 Rxf4 50. gxf4 c4 51. dxc4 1/2-1/2

[Event "BL2 West 1516 (Women)"]
[Site "Germany"]
[Date "2015.12.06"]
[Round "4.5"]
[White "Umpfenbach, Caroline"]
[Black "Kludszuweit, Kim Ira"]
[Result "1-0"]
[WhiteElo "2123"]
[BlackElo "1664"]
[PlyCount "71"]
[EventDate "2015.09.26"]
[EventType "team-tourn"]
[EventRounds "7"]
[EventCountry "GER"]
[SourceTitle "EXT 2017"]
[Source "ChessBase"]
[SourceDate "2016.10.25"]
[SourceVersion "1"]
[SourceVersionDate "2016.10.25"]
[SourceQuality "1"]
[WhiteTeam "Erfurt Medizin (W)"]
[BlackTeam "Horst Emscher (W)"]
[WhiteTeamCountry "GER"]
[BlackTeamCountry "GER"]

1. d4 e6 2. c4 Nf6 3. Nc3 d5 4. Bg5 Be7 5. Nf3 Nbd7 6. e3 c5 7. dxc5 Nxc5 8. cxd5 Nxd5 9. Bxe7 Kxe7 10. Nxd5+ exd5 11. b4 Ne4 12. Qd4 f6 13. Bd3 Nd6 14. 0-0 Be6 15. Rad1 Qd7 16. e4 dxe4 17. Bxe4 Nxe4 18. Qxe4 Qc6 19. Qe3 Kf7 20. Nd4 Qb6 21. Qxe6+ Qxe6 22. Nxe6 Kxe6 23. Rfe1+ Kf7 24. Rd7+ Kg6 25. Rxb7 Rhb8 26. Ree7 Rxb7 27. Rxb7 h5 28. g3 Kh6 29. Kg2 g5 30. Kf3 f5 31. a4 h4 32. gxh4 gxh4 33. Kf4 Kg6 34. Rc7 Rb8 35. b5 a5 36. Rc6+ 1-0

[Event "BL2 West 1415 (Women)"]
[Site "Germany"]
[Date "2014.09.28"]
[Round "2.6"]
[White "Weber, Janina"]
[Black "Kludszuweit, Kim Ira"]
[Result "0-1"]
[WhiteElo "1673"]
[BlackElo "1658"]
[PlyCount "64"]
[EventDate "2014.09.27"]
[EventType "team-tourn"]
[EventRounds "7"]
[EventCountry "GER"]
[SourceTitle "CBM 166 Extra"]
[Source "ChessBase"]
[SourceDate "2015.06.18"]
[SourceVersion "1"]
[SourceVersionDate "2015.06.18"]
[SourceQuality "1"]
[WhiteTeam "Muelheim (W)"]
[BlackTeam "Gelsenkirchen (W)"]
[WhiteTeamCountry "GER"]
[BlackTeamCountry "GER"]

1. d4 d5 2. Nf3 Nf6 3. c4 Bf5 4. Nc3 e6 5. e3 Nbd7 6. Be2 Bb4 7. a3 Bxc3+ 8. bxc3 Ne4 9. Bb2 0-0 10. cxd5 exd5 11. 0-0 Nb6 12. Nd2 Nxd2 13. Qxd2 Qg5 14. Bf3 Nc4 15. Qe2 c6 16. Bc1 Qh4 17. g3 Qe7 18. Bg4 Bg6 19. Bh5 Rae8 20. Re1 Qf6 21. Qf3 Qg5 22. Bg4 f5 23. Bh3 f4 24. Qd1 fxg3 25. hxg3 Qf6 26. Rf1 Nd6 27. a4 Ne4 28. Qe1 Ng5 29. Bg2 Bd3 30. Ba3 Rf7 31. a5 Bxf1 32. Bxf1 Nf3+ 0-1